Slovensko : Slovakia - Slowakei

Salvato in:
Dettagli Bibliografici
Autore principale: Gregor, Miro (Autore)
Natura: Libro
Lingua:slovacco
inglese
tedesco
Pubblicazione: Martin : Osveta, 1997
Tags: Aggiungi Tag
Nessun Tag, puoi essere il primo ad aggiungerne!!

MARC

LEADER 00000nam a22000003a 4500
001 stu51541
005 20150617225706.4
008 000104s1997----xo------------------slo-d
020 |a 80-217-0518-3 
040 |a STU  |b slo 
041 0 |a slo  |a eng  |a ger 
044 |a xo 
080 |a 084(437.6) 
100 1 |a Gregor, Miro  |4 aut 
245 1 |a Slovensko :  |b Slovakia - Slowakei 
260 |a Martin :  |b Osveta,  |c 1997 
300 |a nestr.;obr 
996 |c V*46562/O-20446  |l VV8  |s P  |a 0  |w stu51541_0001